Islam in South Asia : (Record no. 147400)

MARC details
000 -LEADER
fixed length control field 00612nam a22001937a 4500
005 - DATE AND TIME OF LATEST TRANSACTION
control field 20171114114352.0
010 ## - LCCN (DPL NO)
LC control number ENG-121383
020 ## - INTERNATIONAL STANDARD BOOK NUMBER
International Standard Book Number 9788178243603
Terms of availability 545.00
035 ## - SYSTEM CONTROL NUMBER
System control number EN-104915
037 ## - SOURCE OF ACQUISITION
Source of stock number/acquisition DBAD/PUB
082 ## - DEWEY DECIMAL CLASSIFICATION NUMBER
Classification number 297.0954
245 ## - TITLE STATEMENT
Title Islam in South Asia :
Statement of responsibility, etc edited by Barbara D. Metcalf
Remainder of title in practice /
260 ## - PUBLICATION, DISTRIBUTION, ETC. (IMPRINT)
Place of publication, distribution, etc Ranikhet
Name of publisher, distributor, etc Permanent Black
Date of publication, distribution, etc 2012
270 ## - ADDRESS
Address Himalayana, Mall Road, Ranikhet Cantt,
City Ranikhet
Postal code 263645
300 ## - PHYSICAL DESCRIPTION
Extent xxvii,474p.:
Dimensions 22cm(pbk)
Other physical details ill.(maps)
500 ## - GENERAL NOTE
General note Includes index
700 ## - ADDED ENTRY--PERSONAL NAME
Personal name Metcalf,Barbara D.
942 ## - ADDED ENTRY ELEMENTS (KOHA)
Source of classification or shelving scheme Dewey Decimal Classification
Item type English Books
Call number suffix ISL
Classification part 297.0954
Holdings
Withdrawn status Lost status Not for loan Collection code Home library Current library Date acquired Source of acquisition Cost, normal purchase price Full call number Barcode Copy number Cost, replacement price Koha item type
    Not For Loan Non-fiction D.B.Act.Division Bawana 14/11/2017 DBAD/PUB 545.00 297.0954 ISL EN-104915 1 545.00 English Books

© Delhi Public Library
Hit Counter
free hit counter